[Event "Poikovsky Karpov 11th"]
[Site "Poikovsky"]
[Date "2010.06.11"]
[Round "9"]
[White "Vitiugov, Nikita"]
[Black "Rublevsky, Sergei"]
[Result "1-0"]
[WhiteElo "2707"]
[BlackElo "2704"]
[Annotator "Vitiugov,N"]
[PlyCount "45"]
[EventDate "2010.06.02"]
[EventType "tourn"]
[EventRounds "11"]
[EventCountry "RUS"]
[EventCategory "18"]
[SourceTitle "CBM 137"]
[Source "ChessBase"]
[SourceDate "2010.07.15"]
[SourceVersion "1"]
[SourceVersionDate "2010.07.15"]
[SourceQuality "1"]

{My opponent in this game, Sergey Rublevsky, has a narrow, but very solid and
deeply researched opening repertoire. I decided to verify a rare continuation
against the expert in the QGA.} 1. d4 d5 2. Nf3 e6 3. c4 dxc4 4. e3 c5 5. Bxc4
a6 6. d5 b5 ({The last game in this line was played two years ago -} 6... Nf6
7. dxe6 Qxd1+ 8. Kxd1 Bxe6 9. Bxe6 fxe6 10. a4 b6 11. Nbd2 Bd6 12. b3 Nc6 13.
Bb2 O-O-O 14. Ke2 Rd7 15. Ng5 Re8 16. Nc4 $14 {Vitiugov - Yakovich, Serpukhov
2008.}) 7. Bb3 exd5 8. Bxd5 {A novelty, but I can't believe it was a surprise
for Rublevsky.} ({Black has a comfortable game after} 8. Qxd5 Qxd5 9. Bxd5 Ra7
10. e4 Nf6 11. O-O Nxd5 12. exd5 f6 13. Nc3 Kf7 14. Bf4 Nd7 15. Rfd1 Bb7 16.
Rac1 Ra8 17. a4 b4 18. Ne4 Re8 19. Nd6+ {1/2 Kramnik - Anand, Linares 1999.})
8... Ra7 9. e4 Nf6 10. Nc3 Nxd5 $2 {Mistake.} ({White's idea was} 10... b4 11.
Qa4+ Bd7 12. Qb3 $5 bxc3 $2 (12... Bc6 $5) 13. Bxf7+ Ke7 14. e5 $16) ({
Probably, Black should play the solid} 10... Be7 $5) 11. Nxd5 Nc6 $6 {Very
ambitious - Black plays only on the queenside.} (11... Bd6 $5 12. Be3 Rd7 {
looks very artificial, but anyway it was better.} 13. Rc1 (13. b4 $6 c4 14. Bb6
Bxb4+ 15. Ke2 Rxd5 $1 16. Bxd8 Rxd1 17. Rhxd1 Bb7 $132) 13... O-O 14. Bxc5 Bxc5
15. Rxc5 Re8 16. O-O Rxe4 17. Qc2 Re8 $11) 12. O-O Be6 13. a4 Be7 $2 {The
third and final mistake.} (13... Rd7 $2 14. axb5 axb5 15. Qe2 Qb8 16. Ra6 $1
$18) ({The best way was} 13... Bd6 $5 14. Bg5 Qb8 15. axb5 axb5 16. Rxa7 Nxa7
17. e5 $40 {with a terrible position.}) 14. axb5 axb5 15. Ne5 $1 $18 {Now the
game is over.} Na5 (15... Rxa1 16. Nxc6 Qd6 17. Ncxe7 Bxd5 18. Nxd5 O-O 19. Bf4
Rxd1 20. Bxd6 Rxf1+ 21. Kxf1 $18) 16. b4 $1 Bxd5 17. exd5 ({Black's last trap
was} 17. Qxd5 $2 Qxd5 18. exd5 f6 $1) 17... cxb4 18. Rxa5 Qxa5 19. Nc6 Qa4 (
19... Qb6 20. Re1 O-O 21. Nxe7+ Kh8 22. Be3 $18) 20. Qd4 Bf6 21. Qe3+ Kd7 22.
Nxa7 b3 23. Qb6 1-0

[Event "Dortmund SuperGM 23rd"]
[Site "Dortmund"]
[Date "1995.07.15"]
[Round "2"]
[White "Lobron, Eric"]
[Black "Lautier, Joel"]
[Result "1-0"]
[WhiteElo "2595"]
[BlackElo "2645"]
[Annotator "Von Gleich,A"]
[PlyCount "87"]
[EventDate "1995.07.14"]
[EventType "tourn"]
[EventRounds "9"]
[EventCountry "GER"]
[EventCategory "17"]
[SourceTitle "CBM 048"]
[Source "ChessBase"]
[SourceDate "1995.10.01"]
[SourceVersion "1"]
[SourceVersionDate "1995.10.01"]
[SourceQuality "1"]

1. d4 d5 2. Nf3 e6 3. c4 dxc4 4. Nc3 a6 5. a4 Nc6 6. g3 (6. e3 Na5 7. Nd2 $10)
6... Na5 7. Bf4 $6 (7. Bg2) 7... Nf6 8. e4 $6 (8. Bg2) 8... Bb4 $1 9. Qc2 Nb3
10. Rd1 b5 $17 11. Bg2 Bb7 12. e5 (12. d5 exd5 13. exd5 Qe7+ (13... Nxd5 $2 14.
O-O Bxc3 15. bxc3 $132 O-O $2 16. Ng5 g6 17. Ne4) 14. Be5 Nxd5 15. O-O Bxc3 16.
bxc3 f6 $17) 12... Nd5 (12... Be4 $2 13. Qe2 Bd3 14. Rxd3 cxd3 15. Qd1 $16 {
Beide N hängen.}) 13. O-O Nxc3 14. bxc3 Be7 15. h4 h6 16. Be3 Bd5 17. Ne1 O-O (
17... g5 {Lautier , nebst Qd7 und evtl. 0-0-0}) 18. Qe2 Qd7 19. Bxd5 (19. Qg4
f5 20. exf6 Rxf6 $17) 19... Qxd5 20. Ng2 {Der Auftakt einer Umgruppierung, die
Eric s Stellung zwar objektiv verschlechtert Ihm aber endlich Gegenspiel
einbringt.} Qe4 21. Nf4 Rad8 22. f3 Qb7 23. axb5 axb5 24. g4 $5 Bxh4 {
Prinzipiell, jedoch ergab sofortiges 24...c5 heftiges Gegenspiel.} (24... c5
25. g5 hxg5 26. Nh5 cxd4 27. Bxg5 dxc3 28. Qg2 g6 {Short} (28... Bc5+ 29. Kh2
Rxd1 30. Rxd1 Bd4 31. Bf6 g6 32. Nf4) 29. Bxe7 Qxe7 30. Nf6+ Kg7 31. Qg5 $132)
25. Nh5 c5 26. Qh2 Qe7 27. Kg2 (27. dxc5 {Piket} Nxc5 $2 (27... Rd3 $1 28. Rxd3
cxd3 29. Qb2 Nxc5 30. Qxb5 Rc8 31. Rd1 $17) 28. Nf6+ $1 gxf6 (28... Bxf6 29.
exf6 gxf6 30. Qxh6) 29. Qxh4) 27... cxd4 28. cxd4 Ra8 (28... c3 $1 29. Rh1 c2
30. Rdf1 Bg5 $19) 29. Kh3 Rfd8 30. Qc2 Rd7 31. Qe4 Rad8 32. f4 g6 (32... Nc5
33. Qg2) 33. f5 exf5 34. gxf5 gxh5 35. f6 (35. Rg1+ Bg5 36. Bxg5 hxg5 37. f6
Qe6+ 38. Kh2 Rxd4 $2 (38... g4 $1 {Gewinnt wertvolle Zeit, so daß der schwarze
Gegenangriff durchschlägt.} 39. Qf4 Rxd4 40. Qh6 Qxe5+ $19) 39. Rxg5+ Kf8 40.
Rxd4 Nxd4 41. Rxh5) 35... Qe6+ 36. Kh2 $6 (36. Kxh4 $1 Qg4+ 37. Qxg4+ hxg4 38.
Rf4 Rd5 39. Rxg4+ Kf8 40. Rdg1 Ke8 41. Rg8+ Kd7 42. Rxd8+ Kxd8 43. e6 $16)
36... Bg3+ (36... Bg5 37. Bxg5 hxg5 38. Rf5 {mit ähnlichen Motiven wie in der
Partie} Rxd4 39. Rxg5+ Kf8 40. Rxd4 Rxd4 (40... Nxd4 41. Rxh5) 41. Qa8+ Qe8 42.
Qa3+ {nebst Matt}) 37. Kxg3 Qg4+ 38. Qxg4+ hxg4 39. Rf4 h5 (39... Rd5 40. Rxg4+
Kf8 41. Bxh6+ Ke8 42. e6 $1 fxe6 43. Rf1 $16) 40. Rf5 h4+ (40... Nxd4 41. Rg5+
$18 Kf8 42. Rxh5 Nf5+ 43. Kf4 {nebst Matt}) 41. Kxh4 Nxd4 (41... Rxd4 42. Bxd4
Rxd4 43. Rg5+ Kf8 44. Rh5 Ke8 (44... Kg8 45. Rh1 Nc5 46. Ra1 Na4 47. Kg5 $18 {
nebst Rah1 und matt}) 45. e6 fxe6 46. Rf1 $18) 42. Rg5+ Kf8 43. Rh5 Kg8 44. Rh1
1-0